| 000 | 00731nam a2200277Ia 4500 | ||
|---|---|---|---|
| 008 | 170711s9999 xx 000 0 und d | ||
| 020 | _a9780071327053 | ||
| 050 | _a650.1 | ||
| 050 | _bF911 2007 | ||
| 100 | _aFriedmann, Susan | ||
| 245 | _aRiches in niches : | ||
| 245 | _bhow to make it big in a small market / | ||
| 245 | _cby Susan Friedmann. | ||
| 260 | _aPhilippines : | ||
| 260 | _bCareer Press, | ||
| 260 | _c2007 | ||
| 300 | _a256 pages : | ||
| 300 | _billustrations ; | ||
| 300 | _c21cm. | ||
| 500 | _aIncludes bibliographic reference and index. | ||
| 650 | _aEntrepreneurship. | ||
| 650 | _aNew business enterprises. | ||
| 650 | _aSelf-help -- | ||
| 650 | _xTime management. | ||
| 700 | _aTitle. | ||
| 999 |
_c339845 _d339845 |
||